00793 2200217 4500245006800000020001800068250001500086100001700101700002700118650002000145650001600165650002100181650001900202005001900221260002700240041001400267084001000281300002600291500024900317336000900566 aKomersialisasi Seni Budaya dalam PariwisatacOka A. YoetihText a979-404-696-5 aEd. Revisi aOka A. Yoeti aTim Penyunting Angkasa aIlmu Pariwisata aSeni Budaya aSeni Tradisional aKomersialisasi a20230927140638 aBandungbAngkasac2013 aIndonesia a910.2 axvi, 60 hlm. 21 cm. : aBuku ini memiliki pokok pembahasan, seperti apa itu pariwisata, motivasi perjalanan wisata, pengaruh pariwisata terhadap kehidupan sosial, gejala komersialisasi seni budaya dalam pariwisata, pariwisata dan lingkungan hidup, dan lain sebagainya. atext